000 00983nam a2200301 i 4500
003 DO-SdBNP
005 20250428151719.0
007 ta
008 250428b2024 dr ||||| |||| 00| 0 spa d
020 _a9789945510836
040 _aDO-SdBNP
_bspa
_cBNPHU
_erda
041 _hspa
082 4 _222
_axxx
_bxxx
100 1 _aPerdomo, Miguel Aníbal,
_d1949-
_eautor
_4aut.
_96428
245 1 0 _aAutografía de la conciencia :
_bensayos /
_cMiguel Aníbal Perdomo ; corrección, Modesto Cuesta
250 _aPrimera edición
264 4 _aSanto Domingo :
_bEditora la Nacional,
_c©2024.
300 _a222 página :
336 _atexto
_btxt
_2rdacontent
337 _asin mediación
_bn
_2rdamedia
338 _avolumen
_bnc
_2rdacarrier
500 _aXXVI Feria Internacional del Libro Santo Domingo 2024
500 _aIncluye índice onomástico
590 _aInventariado, 2025/BT
700 1 _aCuesta, Modesto,
_ecorrector
_4corr.
_93209
910 _aBtavárez
942 _2ddc
_cLBS1
999 _c58334
_d58334